<?xml version="1.0" encoding="UTF-8"?>
<marc:record xmlns:marc="http://www.loc.gov/MARC21/slim">
   <marc:leader>00000nam a2200000 a 4500</marc:leader>
   <marc:datafield ind1="1" ind2=" " tag="100">
      <marc:subfield code="a">Lindsay, William</marc:subfield>
      <marc:subfield code="4">aut</marc:subfield>
      <marc:subfield code="e">Verfasser/-in</marc:subfield>
   </marc:datafield>
   <marc:datafield ind1=" " ind2=" " tag="653">
      <marc:subfield code="a">Kindersachbuch</marc:subfield>
   </marc:datafield>
   <marc:datafield ind1=" " ind2=" " tag="653">
      <marc:subfield code="a">Urzeit Vorzeit</marc:subfield>
   </marc:datafield>
   <marc:datafield ind1=" " ind2=" " tag="653">
      <marc:subfield code="a">Fossil</marc:subfield>
   </marc:datafield>
   <marc:datafield ind1="0" ind2="0" tag="245">
      <marc:subfield code="a">Geschichte des Lebens</marc:subfield>
   </marc:datafield>
   <marc:datafield ind1=" " ind2="1" tag="264">
      <marc:subfield code="b">Gerstenberg</marc:subfield>
      <marc:subfield code="c">1994</marc:subfield>
   </marc:datafield>
   <marc:datafield ind1="1" ind2=" " tag="490">
      <marc:subfield code="a">Sehen, Staunen, Wissen</marc:subfield>
   </marc:datafield>
   <marc:datafield ind1="1" ind2=" " tag="520">
      <marc:subfield code="a">Plastische Bilder von Fossilien erzählen die Geschichte des Lebens auf der Erde - von den ersten Bakterien bis zum Menschen.   Sehen  welche Fossilien in Solnhofen gefunden wurden  wie Steinkohle entsteht  wie man sich die Neandertaler vorzustellen hat   Staunen  über Seeungeheuer, die einst die Meere beherrschten  über die dolchartigen Zähne von Tyrannosaurus rex  über die Verwandtschaft von Dinosauriern und Vögeln   Wissen  warum es in Australien so viele Beuteltiere gibt  von wo aus der Mensch die ganze Erde besiedelt hat  wann die ersten Pflanzen das Festland eroberten</marc:subfield>
   </marc:datafield>
   <marc:datafield ind1=" " ind2=" " tag="020">
      <marc:subfield code="a">9783806744569</marc:subfield>
      <marc:subfield code="9">9783806744569</marc:subfield>
   </marc:datafield>
</marc:record>
